Đồ sứ Nhật Bản xuất khẩu đến Việt Nam và Đông Nam Á thế kỷ XVII /
Сохранить в:
| Главный автор: | |
|---|---|
| Другие авторы: | |
| Формат: | Статья |
| Язык: | Vietnamese |
| Предметы: | |
| Метки: |
Добавить метку
Нет меток, Требуется 1-ая метка записи!
|
| Thư viện lưu trữ: | Thư viện Trường Đại học Đà Lạt |
|---|
| LEADER | 00958nam a2200325 4500 | ||
|---|---|---|---|
| 001 | DLU090065268 | ||
| 005 | ##20090318 | ||
| 040 | # | # | |a DLU |b vie |
| 041 | # | # | |a vie |
| 044 | # | # | |a vn |
| 100 | # | # | |a Miki Sakuraba. |
| 245 | # | # | |a Đồ sứ Nhật Bản xuất khẩu đến Việt Nam và Đông Nam Á thế kỷ XVII / |c Miki Sakuraba; Nguyễn Tiến Dũng dịch. |
| 653 | # | # | |a Đồ gốm sứ |
| 653 | # | # | |a Nhật Bản |
| 653 | # | # | |a Thế kỷ 19 |
| 653 | # | # | |a Thương mại |
| 653 | # | # | |a Xuất khẩu |
| 700 | # | # | |a Nguyễn Tiến Dũng, |e dịch. |
| 773 | # | # | |t Nghiên cứu Lịch sử |g Số 9+10(389+390), 2008, tr. 87-96 |
| 920 | # | # | |a Phòng Tạp chí -- Trung tâm Thông tin - Thư viện Trường Đại học Đà Lạt |
| 933 | # | # | |a LS |
| 933 | # | # | |a XH |
| 994 | # | # | |a DLU |
| 900 | # | # | |a True |
| 911 | # | # | |a Hoàng Thị Huyền |
| 925 | # | # | |a G |
| 926 | # | # | |a A |
| 927 | # | # | |a BB |
| 980 | # | # | |a Thư viện Trường Đại học Đà Lạt |